Score 0/6 Timer 01:00
0 Plays Today
Hint Lyric % Correct
____ kitty,Soft
99.8%
Little ____ __ ___.ball of fur
90.9%
____ kitty,Warm
90.6%
____ ____ ____.Purr, purr, purr
78.3%
_____ kitty,Happy
77.4%
______ kitty,Sleepy
73.8%
Come Together.
Have Fun.
All Virtual.
We all need to come together. Play Sporcle's virtual live trivia to have fun, connect with people, and get your trivia on. Join a live hosted trivia game for your favorite pub trivia experience done virtually. If a virtual private party is more your thing, go here for details.

You're not logged in!

Compare scores with friends on all Sporcle quizzes.
OR
Log In

Sporcle TV

Today on Sporcle TV


Watch our educational content, quiz creation guides, and fun videos on Sporcle TV.

Show Comments

Extras

Top Quizzes Today


Score Distribution

Paid Content

Your Account Isn't Verified!

In order to create a playlist on Sporcle, you need to verify the email address you used during registration. Go to your Sporcle Settings to finish the process.

Report this User

Report this user for behavior that violates our Community Guidelines.

Details: